Dinge mit E - Statistiken

Allgemein
  • Dieses Quiz wurde 130 mal gespielt
  • Das Durchschnittsergebnis liegt bei 21 aus 32
Antwortstatistiken
Bildquiz Antwort % Korrekt
Elefant
100%
Eule
99%
Eimer
98%
Es
97%
Euter
96%
Eiswürfel
95%
Ehe
91%
Estland
91%
Elfe
89%
Erbsen
88%
Efeu
87%
Eiersalat
84%
Enkel
81%
Erbrechen
78%
Egel
76%
Emmentaler
74%
Eileiter
73%
Elsa
69%
Ebbe
67%
Eichenblatt
62%
Edelweiß
58%
Ekel
57%
Eifersucht
56%
Ellenbogen
48%
Erfurt
44%
Ellen DeGeneres
31%
Emily Erdbeer
23%
Enrique Iglesias
16%
Ethik
15%
Eintagsfliege
12%
Ellmau
3%
Eucalyptus
3%
Keine übereinstimmenden Quizze gefunden
Verteilung der Resultate
Anzahl Personen mit jedem Resultat
Perzentil nach korrekt beantworteten Fragen
Ihre Resultats-Entwicklung
Sie haben dieses Quiz noch nicht gespielt